000 00683nam a2200289Ia 4500
005 20260324122155.0
008 008 260324s9999 xx 000 0 eng d
020 _a9781315883007
037 _aEBOOK
040 _aCRL
040 _beng
040 _cCRL
041 _2eng
041 _aeng
084 _qCRL
100 _aKlaus Mollenhauer; Norm Friesen
_91165406
245 0 _aForgotten Connections
245 0 _bOn culture and upbringing
260 _bTaylor and Francis
260 _c2013
365 _a
365 _b265
856 _uhttp://www.taylorfrancis.com/books/9781315883007
942 _cEBOOK
999 _c1757944
_d1757944